| 000 | 00568nam a22001937a 4500 | ||
|---|---|---|---|
| 005 | 20251108171011.0 | ||
| 008 | 250721s9999 xx 000 0 ara d | ||
| 082 | 1 | 4 | _aم/217.2/محم |
| 100 | 1 | _aعليش، محمد | |
| 245 | 1 | 0 | _aشرح فتح الجليل على مختصر العلامة خليل / |
| 246 | 1 | 1 | _aبهامشه حاشية المسماة تسهيل فتح الجليل |
| 264 | _c[19-]. | ||
| 300 | _a4ج | ||
| 650 | 1 | 7 | _aالإسلام |
| 650 | 1 | 7 | _aفقه |
| 650 | 1 | 7 | _aالمذهب المالكي |
| 942 |
_2ddc _cREF |
||
| 999 |
_c54065 _d54065 |
||